| 000 | 00556nam a22002177a 4500 | ||
|---|---|---|---|
| 003 | OSt | ||
| 005 | 20241113105254.0 | ||
| 008 | 230504b |||||||| |||| 00| s eng d | ||
| 020 | _a978-93-5540-020-8 | ||
| 040 | _cEnglish | ||
| 082 |
_a632/SHI _b000001 |
||
| 100 |
_aShil, Sanjoy _eEditor |
||
| 245 | _aPlant Physiology: a text book | ||
| 260 |
_aNew Delhi _bKalyani _c2022 |
||
| 300 |
_a650p. _bPB |
||
| 520 | _aSSS | ||
| 653 | _astress physiology, | ||
| 700 |
_aNikam, S.S. _eGuide Name |
||
| 856 | _uwww.kalyanipublishers.co.in | ||
| 942 |
_2ddc _cBK _n0 _s1 |
||
| 999 |
_c1 _d1 |
||